书目信息 |
| 题名: |
西方自由主义的兴衰
|
|
| 作者: | 阿巴拉斯特 著 ;曹海军 译 | |
| 分册: | 上 | |
| 出版信息: | 长春 吉林人民出版社 2005 |
|
| 页数: | 240页 | |
| 开本: | 20cm | |
| 丛书名: | 人文译丛 | |
| 单 册: | ||
| 中图分类: | D08 | |
| 科图分类: | ||
| 主题词: | 政治理论--资产阶级政治学 | |
| 电子资源: | ||
| ISBN: | 7-206-04436-0 | |
| 000 | 01100oam2 2200265 45 | |
| 001 | 110000001647 | |
| 005 | 20070706165548.49 | |
| 010 | @a7-206-04436-0@dCNY20.30 | |
| 100 | @a20041223d2005 ekmy0chiy0120 ea | |
| 101 | 0 | @achi@ceng |
| 102 | @aCN@b220000 | |
| 105 | @ay z 001yy | |
| 200 | 1 | @a西方自由主义的兴衰@Axi fang zi you zhu yi de xing shuai@h上@f(英)安东尼·阿巴拉斯特著@F(Ying)An Dong Ni·A Ba La Si Te Zhu@g曹海军译 |
| 205 | @a2版 | |
| 210 | @a长春@c吉林人民出版社@d2005 | |
| 215 | @a240页@d20cm | |
| 225 | 2 | @a人文译丛@i西方政治理论与实践书系@f何怀宏总主编 |
| 330 | @a这是一部以自由主义为研究路向的通史性著作。本书以其庞大的自由主义思想史体系的构织,对相关历史细节与知识背景的注重,对诸层面脉络的慎重而缜密的梳理,尤其是关于20世纪自由主义现实难局的诊断,以及对其作为意识形态及政治实践所显露出来的问题的揭示,都使之成为一部极切合中国学人阅读要求的读物。 | |
| 410 | @12001 @a人文译丛 | |
| 606 | 0 | @a政治理论@x资产阶级政治学 |
| 690 | @aD08@v4 | |
| 701 | 0 | @a阿巴拉斯特@4著 |
| 702 | 0 | @a曹海军@Acao hai jun@4译 |
| 801 | 0 | @aCN@bCXYBOOK@c20070706 |
| 905 | @a10447@dD08@e14:1=2 | |
| 西方自由主义的兴衰.上/(英)安东尼·阿巴拉斯特著/曹海军译.-2版.-长春:吉林人民出版社,2005 |
| 240页;20cm.-(人文译丛.西方政治理论与实践书系/何怀宏总主编) |
| ISBN 7-206-04436-0:CNY20.30 |
| 这是一部以自由主义为研究路向的通史性著作。本书以其庞大的自由主义思想史体系的构织,对相关历史细节与知识背景的注重,对诸层面脉络的慎重而缜密的梳理,尤其是关于20世纪自由主义现实难局的诊断,以及对其作为意识形态及政治实践所显露出来的问题的揭示,都使之成为一部极切合中国学人阅读要求的读物。 |
| ● |
| 相关链接 |
|
|
|
|
正题名:西方自由主义的兴衰
索取号:D08/14:1=2
 
预约/预借
| 序号 | 登录号 | 条形码 | 馆藏地/架位号 | 状态 | 备注 |
| 1 | 0559895 | 205598959 | 第一样本阅览室/ [索取号:D08/14:1=2] | 在馆 | |
| 2 | 0559896 | 205598968 | 密集书库/ [索取号:D08/14:1=2] | 在馆 | |
| 3 | 0559897 | 205598977 | 第一借阅区/ [索取号:D08/14:1=2] | 在馆 | |
| 4 | 0559898 | 205598986 | 第一借阅区/ [索取号:D08/14:1=2] | 在馆 | |
| 5 | 0559899 | 205598995 | 第一借阅区/ [索取号:D08/14:1=2] | 在馆 | |
| 6 | 0559900 | 205599002 | 密集书库/ [索取号:D08/14:1=2] | 在馆 | |
| 7 | 0559901 | 205599011 | 密集书库/ [索取号:D08/14:1=2] | 在馆 | |
| 8 | 0559902 | 205599020 | 密集书库/ [索取号:D08/14:1=2] | 在馆 |